01866nam a2200277 a 4500008004100000020001500041050001500056100002400071245004300095246002400138250001200162260004500174300001500219350000900234650004100243995014500284995012800429995014900557995014100706995012800847995015500975995015001130995015001280995014101430999001701571120416s1978 ||||||||||||||||| || u a0805395202 aQA 305 Was aWashington, Allyn J10aBasic technical mathematics. (3rd ed.) aAllyn J. Washington a3rd ed. aMenlo Park:bThe Benjamin/Cummingsc1978 axiv, 682p. a0.00 0aMATHEMATICS--HANDBOOKS, MANUALS, ETC aMAIN LIBRARY OPEN ACCESSD0.00e713304FCBU-MAIN LIBRARY (Kitwe)H1I29.95jQA 305 WasM2ULOSTy011821ZMain Library Open Access Collection aSHORT LOAN BOOKSD0.00e713309FCBU-MAIN LIBRARY (Kitwe)H7I29.95jQA 305 WasM8UAVAILABLEy011820ZShort Loan Collection aANNEX COLLECTION (Main Library)D0.00e713306FCBU-MAIN LIBRARY (Kitwe)H3I29.95jQA 305 WasM3UAVAILABLEy011823ZAnnex Low-Usage Collection  aBINDERY (DAMAGED)D0.00e713305FCBU-MAIN LIBRARY (Kitwe)H4I29.95jQA 305 WasM4UDAMAGEDy011824ZMain Library Open Access Collection aSHORT LOAN BOOKSD0.00e713307FCBU-MAIN LIBRARY (Kitwe)H8I29.95jQA 305 WasM1UAVAILABLEy011819ZShort Loan Collection aTEXTBOOKS (COMP.SCIENCE) D0.00e3080FCBU-SCHOOL TEXTBOOK COLLECTIONSH1I0.00jSCHOOL TEXTBOOKM9UAVAILABLEWJul 16, 2009y3080ZSchool Collections aMAIN LIBRARY OPEN ACCESSD0.00e713303FCBU-MAIN LIBRARY (Kitwe)H2I29.95jQA 305 WasM6UAVAILABLEy011826ZMain Library Open Access Collection aMAIN LIBRARY OPEN ACCESSD0.00e713308FCBU-MAIN LIBRARY (Kitwe)H5I29.95jQA 305 WasM7UAVAILABLEy011822ZMain Library Open Access Collection aBINDERY (DAMAGED)D0.00e718488FCBU-MAIN LIBRARY (Kitwe)H6I29.95jQA 305 WasM5UDAMAGEDy011825ZMain Library Open Access Collection c84586d84586